000 004590000a22001810004500
003 MACL
005 20160128173945.0
008 160128b xxu||||| |||| 00| 0 eng d
040 _aMACL
_cmalc
041 _aEnglish
082 _a920.71/BHA
100 _aBhave, Y G
_933535
245 _aThe First Prime Minister of India
260 _bNorthern Book Centre
_c1995
_aNew Delhi
350 _a160
650 _aBiography
_935154
942 _cBK
_k920.71/BHA
_2ddc
999 _c31097
_d31097